000 00426nam a2200169Ia 4500
001 14045
003 IN-NITTTR
005 20251114233132.0
008 251113s9999||||xx |||||||||||||| ||eng||
040 _beng
040 _cIN-NITTTR
041 _aeng
082 _a370 F76P
100 _aFrontiers in Education Conference (1976).,
245 0 _aProceedings. /
_cFrontiers in Education Conference (1976).
942 _2ddc
_cBK
999 _c16681
_d16681